[Event "Monzon Cup"]
[Site "Monzon"]
[Date "2018.01.21"]
[Round "1"]
[White "Gines Esteo, Pedro Antonio"]
[Black "Rodriguez Alegre, Oscar"]
[Result "1-0"]
[WhiteElo "2285"]
[BlackElo "1685"]
[PlyCount "55"]
[EventDate "2018.01.21"]
[EventType "team-k.o."]
[EventRounds "3"]
[EventCountry "ESP"]
[SourceTitle "EXT 2019"]
[Source "ChessBase"]
[SourceDate "2018.10.10"]
[SourceVersion "1"]
[SourceVersionDate "2018.10.10"]
[SourceQuality "1"]
[WhiteTeam "Jaime Casas"]
[BlackTeam "Enroque"]
[WhiteTeamCountry "ESP"]
[BlackTeamCountry "ESP"]

1. d4 d5 2. Nf3 Nf6 3. g3 e6 4. Bg2 c5 5. 0-0 Be7 6. c4 b6 7. cxd5 exd5 8. Nc3 c4 9. Ne5 Bb7 10. Nxc4 Na6 11. Qa4+ Kf8 12. Ne5 h6 13. Bf4 Nc7 14. Nc6 Bxc6 15. Qxc6 Rc8 16. Be5 Ne6 17. Qb7 g6 18. Nxd5 Rg8 19. Nxe7 Rc2 20. Bxf6 Qe8 21. Rac1 Nd8 22. Rxc2 Nxb7 23. Bxb7 Qxe7 24. Rc8+ Qe8 25. Rfc1 g5 26. Rxe8+ Kxe8 27. Bc6+ Kf8 28. Bd7 1-0